<?xml version="1.0" encoding="UTF-8"?>
<record
    xmlns:xsi="http://www.w3.org/2001/XMLSchema-instance"
    xsi:schemaLocation="http://www.loc.gov/MARC21/slim http://www.loc.gov/standards/marcxml/schema/MARC21slim.xsd"
    xmlns="http://www.loc.gov/MARC21/slim">

  <leader>01113cam a2200229a 44500</leader>
  <controlfield tag="003">OSt</controlfield>
  <controlfield tag="005">20150408113726.0</controlfield>
  <controlfield tag="008">030308n19uu le g 00000 ara dd</controlfield>
  <datafield tag="040" ind1=" " ind2=" ">
    <subfield code="a">SA-RiAUC</subfield>
    <subfield code="b">ara</subfield>
    <subfield code="c">SA-RiAUC</subfield>
  </datafield>
  <datafield tag="041" ind1=" " ind2=" ">
    <subfield code="a">&#x639;&#x631;&#x628;&#x64A;</subfield>
  </datafield>
  <datafield tag="072" ind1=" " ind2=" ">
    <subfield code="a">045</subfield>
    <subfield code="x">&#x627;&#x644;&#x644;&#x63A;&#x629; &#x627;&#x644;&#x639;&#x631;&#x628;&#x64A;&#x629;</subfield>
  </datafield>
  <datafield tag="082" ind1="0" ind2="4">
    <subfield code="a">415.1</subfield>
  </datafield>
  <datafield tag="092" ind1=" " ind2=" ">
    <subfield code="a">415.1</subfield>
    <subfield code="b">&#x647;&#x640; &#x62C; &#x642;</subfield>
  </datafield>
  <datafield tag="100" ind1="1" ind2=" ">
    <subfield code="a">&#x627;&#x628;&#x646; &#x647;&#x634;&#x627;&#x645;&#x60C; &#x639;&#x628;&#x62F; &#x627;&#x644;&#x644;&#x647; &#x628;&#x646; &#x64A;&#x648;&#x633;&#x641; &#x628;&#x646; &#x623;&#x62D;&#x645;&#x62F;&#x60C;</subfield>
    <subfield code="d">708-761 &#x647;&#x640;.</subfield>
    <subfield code="9">1132</subfield>
  </datafield>
  <datafield tag="245" ind1="1" ind2="0">
    <subfield code="a">&#x642;&#x637;&#x631; &#x627;&#x644;&#x646;&#x62F;&#x649; &#x648;&#x628;&#x644; &#x627;&#x644;&#x635;&#x62F;&#x649; /</subfield>
    <subfield code="c">&#x62A;&#x635;&#x646;&#x64A;&#x641; &#x627;&#x628;&#x646; &#x645;&#x62D;&#x645;&#x62F; &#x639;&#x628;&#x62F; &#x627;&#x644;&#x644;&#x647; &#x62C;&#x645;&#x627;&#x644; &#x627;&#x644;&#x62F;&#x64A;&#x646; &#x628;&#x646; &#x647;&#x634;&#x627;&#x645; &#x627;&#x644;&#x623;&#x646;&#x635;&#x627;&#x631;&#x64A;. &#x648;&#x645;&#x639;&#x647;&#x60C; &#x643;&#x62A;&#x627;&#x628; &#x633;&#x628;&#x64A;&#x644; &#x627;&#x644;&#x647;&#x62F;&#x649; &#x628;&#x62A;&#x62D;&#x642;&#x64A;&#x642; &#x634;&#x631;&#x62D; &#x642;&#x637;&#x631; &#x627;&#x644;&#x646;&#x62F;&#x649; / &#x62A;&#x623;&#x644;&#x64A;&#x641; &#x645;&#x62D;&#x645;&#x62F; &#x645;&#x62D;&#x64A;&#x64A; &#x627;&#x644;&#x62F;&#x64A;&#x646; &#x639;&#x628;&#x62F; &#x627;&#x644;&#x62D;&#x645;&#x64A;&#x62F;.</subfield>
  </datafield>
  <datafield tag="260" ind1=" " ind2=" ">
    <subfield code="a">&#x628;&#x64A;&#x631;&#x648;&#x62A;</subfield>
    <subfield code="b">&#x627;&#x644;&#x645;&#x643;&#x62A;&#x628;&#x629; &#x627;&#x644;&#x639;&#x635;&#x631;&#x64A;&#x629;&#x60C;</subfield>
    <subfield code="c">[19--].  </subfield>
  </datafield>
  <datafield tag="300" ind1=" " ind2=" ">
    <subfield code="a">352&#x635;. &#x61B;</subfield>
    <subfield code="c">23 &#x633;&#x645;. 7</subfield>
  </datafield>
  <datafield tag="650" ind1=" " ind2=" ">
    <subfield code="a">&#x627;&#x644;&#x644;&#x63A;&#x629; &#x627;&#x644;&#x639;&#x631;&#x628;&#x64A;&#x629;</subfield>
    <subfield code="x">&#x627;&#x644;&#x646;&#x62D;&#x648;</subfield>
    <subfield code="2">aucsh.12</subfield>
  </datafield>
  <datafield tag="700" ind1=" " ind2=" ">
    <subfield code="a">&#x639;&#x628;&#x62F; &#x627;&#x644;&#x62D;&#x645;&#x64A;&#x62F;&#x60C; &#x645;&#x62D;&#x645;&#x62F; &#x645;&#x62D;&#x64A;&#x649; &#x627;&#x644;&#x62F;&#x64A;&#x646;</subfield>
    <subfield code="t">&#x633;&#x628;&#x64A;&#x644; &#x627;&#x644;&#x647;&#x62F;&#x649; &#x628;&#x62A;&#x62D;&#x642;&#x64A;&#x642; &#x634;&#x631;&#x62D; &#x642;&#x637;&#x631; &#x627;&#x644;&#x646;&#x62F;&#x649;.02</subfield>
    <subfield code="9">1133</subfield>
  </datafield>
  <datafield tag="740" ind1=" " ind2=" ">
    <subfield code="a">&#x633;&#x628;&#x64A;&#x644; &#x627;&#x644;&#x647;&#x62F;&#x649; &#x628;&#x62A;&#x62D;&#x642;&#x64A;&#x642; &#x634;&#x631;&#x62D; &#x642;&#x637;&#x631; &#x627;&#x644;&#x646;&#x62F;&#x649;.\\</subfield>
  </datafield>
  <datafield tag="942" ind1=" " ind2=" ">
    <subfield code="2">ddc</subfield>
    <subfield code="c">BOOK</subfield>
  </datafield>
  <datafield tag="999" ind1=" " ind2=" ">
    <subfield code="c">1173</subfield>
    <subfield code="d">235673</subfield>
  </datafield>
  <datafield tag="952" ind1=" " ind2=" ">
    <subfield code="1">0</subfield>
    <subfield code="2">2013-03-10</subfield>
    <subfield code="4">0</subfield>
    <subfield code="7">0</subfield>
    <subfield code="a">415.1 &#xD9;&#x87;&#xD9;&#x80; &#xD8;&#xAC; &#xD9;&#x82;</subfield>
    <subfield code="d">2011-05-17</subfield>
    <subfield code="h">EMF</subfield>
    <subfield code="m">EMF</subfield>
    <subfield code="r">2013-03-10 00:00:00</subfield>
    <subfield code="y">0</subfield>
  </datafield>
  <datafield tag="952" ind1=" " ind2=" ">
    <subfield code="1">0</subfield>
    <subfield code="2">2013-03-10</subfield>
    <subfield code="4">0</subfield>
    <subfield code="7">0</subfield>
    <subfield code="a">415.1 &#x647; &#x645; &#x642;</subfield>
    <subfield code="d">2011-08-23</subfield>
    <subfield code="h">EMF</subfield>
    <subfield code="i">2011--00100021350</subfield>
    <subfield code="m">EMF</subfield>
    <subfield code="r">2013-03-10 00:00:00</subfield>
    <subfield code="t">BOOK</subfield>
    <subfield code="w">ddc</subfield>
    <subfield code="y">0</subfield>
  </datafield>
  <datafield tag="952" ind1=" " ind2=" ">
    <subfield code="1">0</subfield>
    <subfield code="2">2013-03-10</subfield>
    <subfield code="4">0</subfield>
    <subfield code="7">0</subfield>
    <subfield code="a">415.1 &#x647; &#x645; &#x642;</subfield>
    <subfield code="d">2011-08-27</subfield>
    <subfield code="h">EMF</subfield>
    <subfield code="i">00021046</subfield>
    <subfield code="m">EMF</subfield>
    <subfield code="r">2013-03-10 00:00:00</subfield>
    <subfield code="t">BOOK</subfield>
    <subfield code="w">ddc</subfield>
    <subfield code="y">0</subfield>
  </datafield>
  <datafield tag="952" ind1=" " ind2=" ">
    <subfield code="1">0</subfield>
    <subfield code="2">2013-03-10</subfield>
    <subfield code="4">0</subfield>
    <subfield code="7">0</subfield>
    <subfield code="a">415.1 &#x647;&#x640; &#x645; &#x642;</subfield>
    <subfield code="d">2011-09-02</subfield>
    <subfield code="h">EMF</subfield>
    <subfield code="i">00021045</subfield>
    <subfield code="m">EMF</subfield>
    <subfield code="r">2013-03-10 00:00:00</subfield>
    <subfield code="t">BOOK</subfield>
    <subfield code="w">ddc</subfield>
    <subfield code="y">0</subfield>
  </datafield>
  <datafield tag="952" ind1=" " ind2=" ">
    <subfield code="1">0</subfield>
    <subfield code="2">2013-03-10</subfield>
    <subfield code="4">0</subfield>
    <subfield code="7">0</subfield>
    <subfield code="a">415.1 &#x647;&#x640; &#x645; &#x642;</subfield>
    <subfield code="d">2011-12-11</subfield>
    <subfield code="h">SZM</subfield>
    <subfield code="i">00011421</subfield>
    <subfield code="m">EZF</subfield>
    <subfield code="q">2023-09-05</subfield>
    <subfield code="r">2024-05-09 00:00:00</subfield>
    <subfield code="t">BOOK</subfield>
    <subfield code="w">ddc</subfield>
    <subfield code="y">5</subfield>
  </datafield>
</record>
